00485 2200193 4500001002100000005001500021008004100036020001800077035001900095041000700114082000800121090001400129100001600143245003700159260004200196300002000238500001100258650002200269INLIS00000000000316120241224112654241224||||||||| | ||| |||| || |  a979-605-712-3 0010-1224003161 aid0 a813 a813 BLY d0 aEnid Blyton00aLima Sekawan Rahasia Logam Ajaib aJakartabGramedia Pustaka Utamac2006 a192 hlm.;18 cm. aCet.11 0aIlmu Kesusastraan